• 首页
  • 本馆介绍
  • 公告通知
  • 最新文献
  • 馆藏检索
  • 电子资源
  • 读者导购
  • 参考咨询
  • 我的图书馆
  • 登录
  • 详细信息显示
  • 放入我的书架
  • 预约/预借图书
  • 作者相关作品
  • 分类相关作品
  • 丛书相关作品
  • 出版社相关作品

书目信息

  • 表格格式
  • 工作单格式
  • 卡片格式
题名:
数学模型与实验
    
 
作者: 王涛 , 常思浩 主编
分册:  
出版信息: 北京   清华大学出版社  2015
页数: 10,288页
开本: 26cm
丛书名:
单 册:
中图分类: O141.4
科图分类:
主题词: 数学模型--研究
电子资源:
ISBN: 978-7-302-35911-1
000 01039nam0 2200241 450
001 012015000567
005 20150914153220.87
010    @a978-7-302-35911-1@dCNY38.00
100    @a20150601d2015 em y0chiy50 ea
101 0  @achi
102    @aCN@b110000
105    @ay z 000yy
106    @ar
200 1  @a数学模型与实验@Ashu xue mo xing yu shi yan@f王涛,常思浩主编
210    @a北京@c清华大学出版社@d2015
215    @a10,288页@d26cm
330    @a本书介绍了数学建模的基本概念,以及各类数学模型的建立及求解方法。书中以微积分、常微分方程、线性代数、概率论与数理统计为知识背景,用实际问题为载体,以数学软件为工具,将数学知识、数学建模与计算机应用三者有机结合,设计了初等模型与实验、微分方程模型与实验、最优化问题、概率统计模型、计算机模拟、军事数学建模精品案例、数学建模综合练习、MATLAB入门、LINGO软件及应用共9部分内容。
606 0  @a数学模型@x研究
690    @aO141.4@v5
701  0 @a王涛@Awang tao@c(图书馆工作)@4主编
701  0 @a常思浩@Achang si hao@4主编
801  0 @aCN@b碧洲教育@c20150720
905    @a10447@f4@dO141.4@e101
    
    数学模型与实验/王涛,常思浩主编.-北京:清华大学出版社,2015
    10,288页;26cm
    
    
    ISBN 978-7-302-35911-1:CNY38.00
    本书介绍了数学建模的基本概念,以及各类数学模型的建立及求解方法。书中以微积分、常微分方程、线性代数、概率论与数理统计为知识背景,用实际问题为载体,以数学软件为工具,将数学知识、数学建模与计算机应用三者有机结合,设计了初等模型与实验、微分方程模型与实验、最优化问题、概率统计模型、计算机模拟、军事数学建模精品案例、数学建模综合练习、MATLAB入门、LINGO软件及应用共9部分内容。
●
相关链接 在E读中查询图书 在五车中查询图书 在当当中查询图书 在豆瓣中查询图书


正题名:数学模型与实验     索取号:O141.4/101         预约/预借

序号 登录号 条形码 馆藏地/架位号 状态 备注
1 0848883   208488830   第二样本阅览室/ [索取号:O141.4/101] 在馆    
2 0848884   208488849   密集书库-数信学院/ [索取号:O141.4/101] 在馆    
3 0848885   208488858   第三借阅区/ [索取号:O141.4/101] 在馆    
4 0848886   208488867   第三借阅区/ [索取号:O141.4/101] 在馆    
唐山师范学院图书馆 欢迎您!
大连网信软件有限公司© 版权所有